000 00578nam a2200145 4500
008 040120s1964 paum j a000 0 eng d
090 _aBX8015
_bH78
100 1 _aHorn, William M.
245 1 0 _aI believe in God the Father /
_cby William M. Horn ; edited by Frank W. Klos ; illustrated by Rey Abruzzi.
260 _aPhiladelphia :
_bLutheran Church Press,
_c1964.
300 _a191 p. :
_bill. ;
_c22 cm.
490 1 _aLCA weekday church school series.
650 4 _aChristian education
_xTextbooks
_xLutheran.
951 _p8903
_x00005555
_oBX8015/H78
_j070613111332734
_d2000-12-21
_cGC
999 _c18680
_d18680